000 00591nam a22002417a 4500
003 UA-OsUOA
001 83042
007 ta
008 20120328b un ||||| |||| 00| 0 ukr d
100 _aHilles R.
090 _a821.111
942 _cBK
040 _aUA-OsUOA
_beng
_cUA-OsUOA
_dUA-OsUOA
245 _aAn Angel in the Works
300 _a62 с.
955 _a3
041 _aeng
080 _a821.111
020 _a0-88982-052-{
260 _aLantzwille
_bOolichan books
_c1983
650 7 _a82 Література. Літературознавство
_2UDC
999 _c369250
_d369250